| 000 | 00780nam a2200241 u 4500 | ||
|---|---|---|---|
| 005 | 20250221063801.0 | ||
| 008 | 131031s2002 r 000 0 eng d | ||
| 020 | _a8428693815 | ||
| 035 | _aUPN01000193828 | ||
| 049 | _aCG | ||
| 050 | 4 |
_aLC1200 _bD4.4 |
|
| 245 | 0 | 0 |
_aDe la integración a una educación para todos : _bla atención a la diversidad desde la educación primaria a la universidad / _ccoords. Rosa Marchena Gómez. |
| 260 |
_aMadrid : _bCEPE, _c2002. |
||
| 300 |
_a302 p. : _bcuadros |
||
| 650 | 4 |
_aEducación inclusiva _97100 |
|
| 650 | 4 |
_aEducación especial _93029 |
|
| 650 | 4 |
_aIntegración escolar _9306 |
|
| 650 | 4 |
_aPluralismo cultural _947427 |
|
| 700 | 1 |
_aMarchena Gómez, Rosa, _ecoord. |
|
| 905 | _aLibro | ||
| 999 |
_c165929 _d165929 |
||